[Event "DVM U14w 2016"]
[Site "Düsseldorf GER"]
[Date "2016.12.27"]
[Round "2"]
[White "Runds, Emily Sophie"]
[Black "Bashylina, Luisa"]
[Result "0-1"]
[Termination "normal"]
[Board "1.4"]
[WhiteElo "1087"]
[BlackElo "1550"]
[WhiteClock "00:21:23"]
[BlackClock "01:08:15"]
[WhiteTeam "SV Empor Erfurt"]
[BlackTeam "SG Solingen"]
[PlyCount "52"]
[WhiteFideId "16235231"]
[BlackFideId "12983292"]
[EventCountry "GER"]
[EventRounds "7"]
[EventType "team-swiss"]
[EventDate "2016.12.26"]

1. e4 {[%clk 1:30:58]} c5 {[%clk 1:30:52]} 2. Nf3 {[%clk 1:31:19]} e6 {[%clk
1:30:56]} 3. d4 {[%clk 1:31:29]} cxd4 {[%clk 1:31:20]} 4. Nxd4 {[%clk 1:31:49]}
a6 {[%clk 1:31:45]} 5. Nc3 {[%clk 1:31:42]} Qc7 {[%clk 1:32:10]} 6. Be2 {[%clk
1:30:20]} Nf6 {[%clk 1:32:11]} 7. Be3 {[%clk 1:28:56]} Be7 {[%clk 1:31:20]} 8.
Qd2 {[%clk 1:28:29]} O-O {[%clk 1:31:23]} 9. O-O {[%clk 1:28:46]} b5 {[%clk
1:31:47]} 10. Bf3 {[%clk 1:21:16]} Nc6 {[%clk 1:21:05]} 11. h4 {[%clk 1:15:53]}
Bb7 {[%clk 1:20:57]} 12. h5 {[%clk 1:15:15]} Rac8 {[%clk 1:20:39]} 13. h6
{[%clk 1:14:18]} g6 {[%clk 1:20:27]} 14. Bg5 b4 15. Nxc6 {[%clk 1:07:57]} Bxc6
{[%clk 1:17:33]} 16. Qd4 {[%clk 1:04:04]} e5 {[%clk 1:15:55]} 17. Qe3 {[%clk
1:01:47]} bxc3 {[%clk 1:15:30]} 18. bxc3 {[%clk 0:57:55]} Bb7 {[%clk 1:15:07]}
19. Qe2 {[%clk 0:29:24]} Qxc3 {[%clk 1:14:25]} 20. Bxf6 {[%clk 0:29:28]} Bxf6
{[%clk 1:13:59]} 21. Bh5 {[%clk 0:27:30]} gxh5 {[%clk 1:10:35]} 22. Qxh5 {[%clk
0:27:06]} Bxe4 {[%clk 1:09:34]} 23. Qg4+ {[%clk 0:27:03]} Bg6 {[%clk 1:09:50]}
24. Qxd7 {[%clk 0:24:21]} Qxc2 {[%clk 1:08:35]} 25. Rfc1 {[%clk 0:22:25]} Qf5
{[%clk 1:08:15]} 26. Qd2 {[%clk 0:21:23]} Bg5 0-1

[Event "DVM U14w 2016"]
[Site "Düsseldorf GER"]
[Date "2016.12.27"]
[Round "2"]
[White "Kalina, Lena"]
[Black "Rosenhain, Rachela"]
[Result "0-1"]
[Termination "normal"]
[Board "2.1"]
[WhiteElo "1410"]
[BlackElo "1864"]
[WhiteClock "00:56:28"]
[BlackClock "01:11:04"]
[WhiteTeam "SC Landskrone"]
[BlackTeam "Schachpinguine Berlin"]
[PlyCount "74"]
[WhiteFideId "12988014"]
[BlackFideId "12957615"]
[EventCountry "GER"]
[EventRounds "7"]
[EventType "team-swiss"]
[EventDate "2016.12.26"]

1. d4 {[%clk 1:30:58]} Nf6 {[%clk 1:30:53]} 2. Nf3 {[%clk 1:31:21]} d6 {[%clk
1:31:14]} 3. c4 {[%clk 1:31:36]} g6 {[%clk 1:31:37]} 4. Nc3 {[%clk 1:31:55]}
Bg7 {[%clk 1:31:47]} 5. g3 {[%clk 1:32:05]} O-O {[%clk 1:31:32]} 6. Bg2 {[%clk
1:32:16]} Nbd7 {[%clk 1:28:06]} 7. O-O {[%clk 1:31:12]} e5 {[%clk 1:28:06]} 8.
e4 {[%clk 1:30:29]} Re8 {[%clk 1:21:01]} 9. d5 {[%clk 1:28:37]} Nc5 {[%clk
1:19:55]} 10. Ne1 {[%clk 1:27:50]} Nh5 {[%clk 1:18:11]} 11. Be3 {[%clk
1:24:24]} Na6 {[%clk 1:14:15]} 12. Nd3 {[%clk 1:23:19]} f5 {[%clk 1:12:34]} 13.
exf5 {[%clk 1:22:56]} Bxf5 14. g4 {[%clk 1:15:29]} Bxd3 {[%clk 1:13:13]} 15.
Qxd3 {[%clk 1:15:43]} Nf4 {[%clk 1:13:16]} 16. Bxf4 {[%clk 1:12:57]} exf4
{[%clk 1:13:36]} 17. Rfe1 {[%clk 1:08:39]} Nc5 {[%clk 1:09:20]} 18. Qf3 {[%clk
1:06:40]} Qf6 {[%clk 1:08:12]} 19. Rac1 {[%clk 1:03:44]} a6 {[%clk 1:06:00]}
20. b4 {[%clk 1:01:52]} Rxe1+ {[%clk 1:06:14]} 21. Rxe1 {[%clk 1:01:11]} Qxc3
{[%clk 1:06:34]} 22. Qxc3 {[%clk 0:59:12]} Bxc3 {[%clk 1:06:55]} 23. Re7 {[%clk
0:58:52]} Bxb4 {[%clk 1:06:58]} 24. Rxc7 {[%clk 0:58:11]} Re8 {[%clk 1:07:10]}
25. Bf3 {[%clk 0:57:02]} Ba5 {[%clk 1:07:34]} 26. Rxc5 {[%clk 0:57:21]} dxc5
{[%clk 1:07:58]} 27. Kg2 {[%clk 0:56:58]} b5 {[%clk 1:07:50]} 28. cxb5 {[%clk
0:56:45]} axb5 {[%clk 1:08:15]} 29. Kh3 {[%clk 0:56:16]} g5 {[%clk 1:08:22]}
30. Kg2 {[%clk 0:54:54]} c4 {[%clk 1:08:15]} 31. d6 {[%clk 0:54:49]} Rd8 {[%clk
1:08:36]} 32. Bc6 {[%clk 0:55:11]} Rxd6 {[%clk 1:08:58]} 33. Bxb5 {[%clk
0:55:14]} c3 {[%clk 1:09:23]} 34. Ba4 {[%clk 0:55:35]} Rd2 {[%clk 1:09:47]} 35.
Bb3+ {[%clk 0:55:53]} Kf8 {[%clk 1:10:12]} 36. a4 {[%clk 0:56:02]} c2 {[%clk
1:10:38]} 37. Bxc2 {[%clk 0:56:28]} Rxc2 {[%clk 1:11:04]} 0-1

[Event "DVM U14w 2016"]
[Site "Düsseldorf GER"]
[Date "2016.12.27"]
[Round "2"]
[White "Schnabel, Luise"]
[Black "Yukelson, Tamar"]
[Result "1-0"]
[Termination "normal"]
[Board "2.2"]
[WhiteElo "1678"]
[BlackElo "1417"]
[WhiteClock "00:21:18"]
[BlackClock "00:25:33"]
[WhiteTeam "Schachpinguine Berlin"]
[BlackTeam "SC Landskrone"]
[PlyCount "117"]
[WhiteFideId "12943347"]
[BlackFideId "12964069"]
[EventCountry "GER"]
[EventRounds "7"]
[EventType "team-swiss"]
[EventDate "2016.12.26"]

1. e4 {[%clk 1:30:56]} c6 {[%clk 1:30:59]} 2. d4 {[%clk 1:31:15]} d5 {[%clk
1:31:20]} 3. Nc3 {[%clk 1:31:36]} dxe4 {[%clk 1:31:40]} 4. Nxe4 {[%clk
1:31:53]} Bf5 {[%clk 1:31:58]} 5. Ng3 {[%clk 1:32:12]} Bg6 {[%clk 1:32:12]} 6.
h4 {[%clk 1:32:32]} h6 {[%clk 1:32:35]} 7. h5 {[%clk 1:32:54]} Bh7 {[%clk
1:32:54]} 8. Bd3 {[%clk 1:33:18]} Bxd3 {[%clk 1:33:16]} 9. Qxd3 {[%clk
1:33:39]} e6 {[%clk 1:33:04]} 10. Be3 {[%clk 1:30:41]} Nf6 {[%clk 1:32:03]} 11.
f3 {[%clk 1:28:13]} Nbd7 {[%clk 1:29:16]} 12. O-O-O {[%clk 1:26:30]} Be7 {[%clk
1:28:58]} 13. N1e2 {[%clk 1:25:32]} O-O {[%clk 1:28:41]} 14. Ne4 {[%clk
1:17:18]} Rc8 {[%clk 1:25:31]} 15. g4 {[%clk 1:12:44]} Nxe4 {[%clk 0:53:05]}
16. Qxe4 {[%clk 1:10:54]} Nf6 {[%clk 0:52:02]} 17. Qd3 {[%clk 1:09:37]} Nh7
{[%clk 0:50:01]} 18. Rdg1 {[%clk 1:06:01]} c5 {[%clk 0:39:44]} 19. f4 {[%clk
0:48:26]} f6 {[%clk 0:39:08]} 20. Qc4 {[%clk 0:40:19]} Qd5 {[%clk 0:36:15]} 21.
Qxd5 {[%clk 0:39:13]} exd5 {[%clk 0:36:35]} 22. dxc5 {[%clk 0:38:48]} Bxc5
{[%clk 0:36:40]} 23. Bxc5 {[%clk 0:38:57]} Rxc5 {[%clk 0:36:59]} 24. Rd1 {[%clk
0:36:54]} f5 {[%clk 0:33:02]} 25. Nd4 {[%clk 0:34:56]} Ra5 {[%clk 0:25:31]} 26.
Nxf5 {[%clk 0:29:05]} Nf6 {[%clk 0:24:25]} 27. Rhg1 {[%clk 0:22:29]} Rxa2
{[%clk 0:21:15]} 28. Kb1 {[%clk 0:22:21]} Ra5 {[%clk 0:21:24]} 29. Ne7+ {[%clk
0:18:14]} Kh7 {[%clk 0:19:40]} 30. Ng6 {[%clk 0:18:04]} Rc8 {[%clk 0:16:59]}
31. Ne5 {[%clk 0:12:58]} Ra4 {[%clk 0:14:35]} 32. Ng6 {[%clk 0:10:54]} Rac4
{[%clk 0:13:04]} 33. c3 {[%clk 0:10:10]} b5 {[%clk 0:12:39]} 34. Ne7 {[%clk
0:04:18]} Rd8 {[%clk 0:12:39]} 35. Ng6 {[%clk 0:04:18]} Re8 {[%clk 0:12:39]}
36. Rd2 {[%clk 0:04:18]} b4 {[%clk 0:12:39]} 37. cxb4 {[%clk 0:04:18]} Rxb4
{[%clk 0:12:39]} 38. Rc1 {[%clk 0:04:18]} d4 {[%clk 0:12:39]} 39. Rcd1 {[%clk
0:04:18]} Rd8 {[%clk 0:12:39]} 40. Ne5 {[%clk 0:04:18]} d3 {[%clk 0:12:39]} 41.
Nc6 {[%clk 0:04:18]} Rbd4 {[%clk 0:12:39]} 42. Nxd8 {[%clk 0:04:18]} Rxd8
{[%clk 0:12:39]} 43. Rxd3 {[%clk 0:04:18]} Rxd3 {[%clk 0:12:39]} 44. Rxd3
{[%clk 0:04:18]} Nxg4 {[%clk 0:12:39]} 45. Rd7 {[%clk 0:04:18]} Nf6 {[%clk
0:12:39]} 46. Rxa7 {[%clk 0:04:18]} Nxh5 {[%clk 0:12:39]} 47. f5 {[%clk
0:04:18]} Nf6 {[%clk 0:12:39]} 48. b4 {[%clk 0:04:18]} h5 {[%clk 0:12:39]} 49.
b5 {[%clk 0:25:16]} h4 {[%clk 0:26:20]} 50. Ra4 {[%clk 0:24:42]} Nd7 {[%clk
0:26:13]} 51. Rxh4+ {[%clk 0:24:50]} Kg8 {[%clk 0:26:37]} 52. Rd4 {[%clk
0:23:58]} Nc5 {[%clk 0:25:45]} 53. b6 {[%clk 0:22:11]} Na6 {[%clk 0:25:49]} 54.
b7 {[%clk 0:21:37]} Kf7 {[%clk 0:25:49]} 55. Rd8 {[%clk 0:21:17]} Kf6 {[%clk
0:25:33]} 56. Ra8 {[%clk 0:20:49]} Nc7 {[%clk 0:24:46]} 57. b8=Q {[%clk
0:20:57]} Nxa8 {[%clk 0:25:10]} 58. Qxa8 {[%clk 0:21:18]} Kxf5 {[%clk 0:25:33]}
59. Kc1 1-0

[Event "DVM U14w 2016"]
[Site "Düsseldorf GER"]
[Date "2016.12.27"]
[Round "2"]
[White "Dittenberger, Svenja"]
[Black "Grey, Andrea"]
[Result "0-1"]
[Termination "normal"]
[Board "2.3"]
[WhiteElo "1190"]
[BlackElo "1428"]
[WhiteClock "01:16:42"]
[BlackClock "00:19:49"]
[WhiteTeam "SC Landskrone"]
[BlackTeam "Schachpinguine Berlin"]
[PlyCount "98"]
[WhiteFideId "12996262"]
[BlackFideId "12971880"]
[EventCountry "GER"]
[EventRounds "7"]
[EventType "team-swiss"]
[EventDate "2016.12.26"]

1. e4 {[%clk 1:30:56]} c5 {[%clk 1:30:51]} 2. Nf3 {[%clk 1:31:17]} Nc6 {[%clk
1:31:12]} 3. Bb5 {[%clk 1:31:37]} e6 {[%clk 1:31:01]} 4. O-O {[%clk 1:31:37]}
a6 {[%clk 1:31:21]} 5. Bxc6 {[%clk 1:31:52]} bxc6 {[%clk 1:31:13]} 6. d3 {[%clk
1:31:41]} Nf6 {[%clk 1:31:01]} 7. Nc3 {[%clk 1:30:55]} d5 {[%clk 1:30:51]} 8.
Re1 {[%clk 1:29:24]} Be7 {[%clk 1:28:56]} 9. h3 {[%clk 1:28:22]} O-O {[%clk
1:28:42]} 10. Bf4 {[%clk 1:25:15]} Bb7 {[%clk 1:26:31]} 11. Qd2 {[%clk
1:24:49]} Qc8 {[%clk 1:14:09]} 12. d4 {[%clk 1:22:46]} cxd4 {[%clk 1:12:21]}
13. Qxd4 {[%clk 1:23:00]} c5 14. Qd2 d4 {[%clk 1:07:09]} 15. Ne2 {[%clk
1:21:22]} Nxe4 {[%clk 1:04:51]} 16. Qd3 {[%clk 1:20:57]} Bd6 {[%clk 0:59:43]}
17. Bxd6 {[%clk 1:20:32]} Nxd6 {[%clk 0:59:00]} 18. Ng5 {[%clk 1:20:09]} g6
{[%clk 0:55:11]} 19. Qg3 {[%clk 1:17:30]} Ne4 {[%clk 0:50:58]} 20. Nxe4 {[%clk
1:16:25]} Bxe4 {[%clk 0:51:18]} 21. Rac1 {[%clk 1:16:04]} Qd7 {[%clk 0:49:39]}
22. Qf4 {[%clk 1:15:18]} Bb7 {[%clk 0:47:54]} 23. Qe5 {[%clk 1:15:10]} Qd5
{[%clk 0:46:43]} 24. Qxd5 {[%clk 1:15:23]} Bxd5 {[%clk 0:46:43]} 25. a3 {[%clk
1:15:37]} e5 {[%clk 0:45:08]} 26. Rcd1 {[%clk 1:15:44]} Rfe8 {[%clk 0:43:17]}
27. c3 {[%clk 1:15:54]} Rab8 {[%clk 0:41:50]} 28. Rd2 {[%clk 1:14:58]} Bc4
{[%clk 0:37:37]} 29. cxd4 {[%clk 1:14:43]} cxd4 {[%clk 0:36:55]} 30. Rc1 {[%clk
1:14:37]} Bb3 {[%clk 0:34:07]} 31. Rc6 {[%clk 1:13:55]} a5 {[%clk 0:33:23]} 32.
Nc1 {[%clk 1:13:52]} Ba4 {[%clk 0:28:57]} 33. Rc5 {[%clk 1:13:57]} Rbc8 {[%clk
0:27:18]} 34. Rxc8 {[%clk 1:13:12]} Rxc8 {[%clk 0:27:41]} 35. Nd3 {[%clk
1:13:24]} e4 {[%clk 0:25:07]} 36. Nf4 {[%clk 1:13:31]} d3 {[%clk 0:24:52]} 37.
Nd5 {[%clk 1:13:27]} Rc2 {[%clk 0:22:12]} 38. Rd1 {[%clk 1:13:35]} d2 {[%clk
0:19:24]} 39. Kh2 {[%clk 1:13:35]} Rxb2 {[%clk 0:19:21]} 40. Nc3 {[%clk
1:13:52]} Bxd1 {[%clk 0:19:23]} 41. Nxd1 {[%clk 1:14:08]} Rb1 {[%clk 0:19:19]}
42. Nc3 {[%clk 1:14:27]} Rc1 {[%clk 0:19:16]} 43. Nxe4 {[%clk 1:14:30]} d1=Q
{[%clk 0:19:30]} 44. Nf6+ {[%clk 1:14:55]} Kg7 {[%clk 0:19:24]} 45. Ne8+ {[%clk
1:15:17]} Kf8 {[%clk 0:19:37]} 46. Nf6 {[%clk 1:15:38]} Qd6+ {[%clk 0:19:04]}
47. g3 {[%clk 1:15:58]} Qxf6 {[%clk 0:19:07]} 48. Kg2 {[%clk 1:16:20]} Qc6+
{[%clk 0:19:25]} 49. f3 {[%clk 1:16:42]} Qc2# {[%clk 0:19:49]} 0-1

[Event "DVM U14w 2016"]
[Site "Düsseldorf GER"]
[Date "2016.12.27"]
[Round "2"]
[White "Ehmann, Johanna"]
[Black "Schiewe, Nadin"]
[Result "1/2-1/2"]
[Termination "normal"]
[Board "3.1"]
[WhiteElo "1686"]
[BlackElo "1292"]
[WhiteTeam "SF Sasbach"]
[BlackTeam "SC Eintracht Berlin"]
[PlyCount "55"]
[WhiteFideId "12953130"]
[BlackFideId "16209079"]
[EventCountry "GER"]
[EventRounds "7"]
[EventType "team-swiss"]
[EventDate "2016.12.26"]

1. e4 d5 2. exd5 Qxd5 3. Nc3 Qa5 4. d4 c6 5. Nf3 Bf5 6. Bf4 e6 7. a3 Nf6 8. Qd2
Be7 9. Bd3 O-O 10. Ne4 Qxd2+ 11. Nfxd2 Nbd7 12. Nxf6+ Nxf6 13. Bxf5 exf5 14.
O-O c5 15. dxc5 Bxc5 16. Nb3 Bb6 17. Rad1 Rad8 18. Rxd8 Rxd8 19. Bg5 Rd6 20.
Bf4 Rd8 21. Bg5 Rd6 22. Bf4 Rd8 23. a4 a6 24. Bg5 Rd6 25. Bf4 Rd8 26. Bg5 Rd6
27. Bf4 Rd8 28. Bg5 1/2-1/2

[Event "DVM U14w 2016"]
[Site "Düsseldorf GER"]
[Date "2016.12.27"]
[Round "2"]
[White "Gehrke, Gina Celina"]
[Black "Höglauer, Jenny"]
[Result "0-1"]
[Termination "normal"]
[Board "3.2"]
[WhiteElo "1457"]
[BlackElo "1643"]
[WhiteTeam "SC Eintracht Berlin"]
[BlackTeam "SF Sasbach"]
[PlyCount "68"]
[WhiteFideId "16205979"]
[BlackFideId "12982598"]
[EventCountry "GER"]
[EventRounds "7"]
[EventType "team-swiss"]
[EventDate "2016.12.26"]

1. d4 Nf6 2. e3 e6 3. c3 b6 4. Bd3 Bb7 5. Nf3 c5 6. Nbd2 d5 7. Ne5 Nbd7 8. f4
Be7 9. O-O O-O 10. Rf3 Ne4 11. Rh3 f5 12. Qh5 Ndf6 13. Qf3 cxd4 14. exd4 Qe8
15. Nf1 Rc8 16. Bd2 Nxd2 17. Nxd2 Ne4 18. Nf1 b5 19. a3 a6 20. Ne3 Nd2 21. Qe2
Ne4 22. Kh1 Bd6 23. Rg1 Rf6 24. g4 fxg4 25. N3xg4 Rxf4 26. Nh6+ Kf8 27. Bxe4
dxe4 28. Rf1 Bxe5 29. dxe5 e3+ 30. Kg1 Qg6+ 31. Qg4 Rxf1+ 32. Kxf1 Qb1+ 33. Ke2
Qxb2+ 34. Kxe3 Rxc3+ 0-1

[Event "DVM U14w 2016"]
[Site "Düsseldorf GER"]
[Date "2016.12.27"]
[Round "2"]
[White "Schneider, Katharina"]
[Black "Jacoby, Angelina"]
[Result "1-0"]
[Termination "normal"]
[Board "3.3"]
[WhiteElo "1517"]
[BlackElo "1240"]
[WhiteTeam "SF Sasbach"]
[BlackTeam "SC Eintracht Berlin"]
[PlyCount "95"]
[WhiteFideId "16200519"]
[BlackFideId "12999008"]
[EventCountry "GER"]
[EventRounds "7"]
[EventType "team-swiss"]
[EventDate "2016.12.26"]

1. e4 d5 2. exd5 Nf6 3. Nc3 Nxd5 4. d4 c6 5. Nf3 Bf5 6. Bc4 e6 7. Nxd5 exd5 8.
Bd3 Bg4 9. h3 Bh5 10. Qe2+ Qe7 11. O-O Nd7 12. Bf4 O-O-O 13. Qxe7 Bxe7 14. Ne5
f6 15. Nxd7 Kxd7 16. Bf5+ Ke8 17. Bc7 Ra8 18. Rfe1 Kf8 19. Re3 Bg6 20. Bxg6
hxg6 21. Rae1 Bb4 22. c3 Bxc3 23. bxc3 Kg8 24. Re7 Kh7 25. Bd6 b6 26. Rc7 Rhc8
27. Ree7 Rg8 28. Rxc6 Rge8 29. Rcc7 Rxe7 30. Bxe7 f5 31. Rd7 Rc8 32. Rxd5 Rxc3
33. Rb5 Rc7 34. Re5 Kg8 35. d5 Kf7 36. d6 Rc5 37. d7 Rxe5 38. d8=Q Rxe7 39.
Qd5+ Kf6 40. Qd4+ Kf7 41. Kh2 Re4 42. Qd5+ Kf6 43. f3 Re5 {(=)} 44. Qd6+ Re6
45. Qf8+ Kg5 46. Qxg7 Re2 47. h4+ Kh5 48. Qh7# 1-0

[Event "DVM U14w 2016"]
[Site "Düsseldorf GER"]
[Date "2016.12.27"]
[Round "2"]
[White "Hopp, Celina"]
[Black "Schneider, Anna"]
[Result "1-0"]
[Termination "normal"]
[Board "3.4"]
[WhiteElo "1056"]
[BlackElo "1381"]
[WhiteTeam "SC Eintracht Berlin"]
[BlackTeam "SF Sasbach"]
[PlyCount "83"]
[WhiteFideId "16235240"]
[BlackFideId "16200527"]
[EventCountry "GER"]
[EventRounds "7"]
[EventType "team-swiss"]
[EventDate "2016.12.26"]

1. e4 e5 2. Nf3 Nc6 3. Bc4 Bc5 4. Nc3 d6 5. d3 Nf6 6. Bg5 h6 7. Bh4 g5 8. Bg3
Bg4 9. h3 Bh5 10. Qd2 g4 11. hxg4 Bxg4 12. O-O-O Nd4 13. Rdf1 Bb4 14. Qe3 Bc5
15. Qd2 Qe7 16. Rxh6 Rg8 17. Nxd4 Bxd4 18. Bh4 Bxc3 19. Qxc3 Nxe4 20. dxe4 Qf8
21. Rf6 O-O-O 22. Bxf7 Qg7 23. Bxg8 Rxg8 24. Qe3 Rh8 25. Qg5 Qxg5+ 26. Bxg5 b6
27. g3 Be2 28. Re1 Bb5 29. f4 Rg8 30. Bh4 Bc6 31. fxe5 Re8 32. e6 Bb5 33. Rh6
Bc4 34. e7 Kd7 35. Rh7 Be6 36. Rf1 a5 37. Rf8 a4 38. Rxe8 Kxe8 39. Rh8+ Kf7 40.
e8=Q+ Kg7 41. Qf8+ Kg6 42. Qf6# 1-0

[Event "DVM U14w 2016"]
[Site "Düsseldorf GER"]
[Date "2016.12.27"]
[Round "2"]
[White "Rudolph, Eva"]
[Black "Bohrer, Katharina"]
[Result "1-0"]
[Termination "normal"]
[Board "4.1"]
[WhiteElo "1655"]
[BlackElo "1144"]
[WhiteTeam "Düsseldorfer SK"]
[BlackTeam "SF Konz-Karthaus"]
[PlyCount "91"]
[WhiteFideId "16200594"]
[BlackFideId "16225457"]
[EventCountry "GER"]
[EventRounds "7"]
[EventType "team-swiss"]
[EventDate "2016.12.26"]

1. e4 d6 2. d4 Nf6 3. Nc3 g6 4. Be3 Bg7 5. Qd2 O-O 6. f3 Nc6 7. O-O-O a5 8. Bh6
e5 9. Bxg7 Kxg7 10. dxe5 dxe5 11. Qf2 Qe7 12. h4 a4 13. a3 Be6 14. g4 Nd4 15.
Nge2 Nxe2+ 16. Bxe2 Rab8 17. Nxa4 b5 18. Qc5 Qxc5 19. Nxc5 c6 20. Nxe6+ fxe6
21. Rd6 Rbc8 22. Rxe6 Rfe8 23. Rxe8 Rxe8 24. Rd1 Rb8 25. Kd2 Rd8+ 26. Kc3 Rxd1
27. Bxd1 Nd7 28. Kb4 Kf7 29. c4 bxc4 30. Kxc4 Ke6 31. a4 Kd6 32. Kb4 Kc7 33.
Bb3 Kb7 34. Be6 Nb8 35. g5 Na6+ 36. Kc4 Kc7 37. Bg8 Kd6 38. Bxh7 Ke7 39. Bxg6
Kf8 40. h5 Kg7 41. Be8 Kf8 42. Bxc6 Nb8 43. Kd5 Ke7 44. a5 Kf8 45. b4 Ke7 46.
b5 1-0

[Event "DVM U14w 2016"]
[Site "Düsseldorf GER"]
[Date "2016.12.27"]
[Round "2"]
[White "Kogan, Dina Rachel"]
[Black "Schilz, Tabea"]
[Result "1-0"]
[Termination "normal"]
[Board "4.3"]
[WhiteElo "1256"]
[BlackElo "1088"]
[WhiteTeam "Düsseldorfer SK"]
[BlackTeam "SF Konz-Karthaus"]
[PlyCount "47"]
[WhiteFideId "16200608"]
[BlackFideId "16235312"]
[EventCountry "GER"]
[EventRounds "7"]
[EventType "team-swiss"]
[EventDate "2016.12.26"]

1. e4 e5 2. d4 exd4 3. Qxd4 Nc6 4. Qe3 Be7 5. Nc3 d6 6. Bd2 Nf6 7. O-O-O O-O 8.
Be2 Re8 9. Qg3 Bf8 10. f3 Nd4 11. Qf2 Nxe2+ 12. Ngxe2 Bd7 13. g4 Bc6 14. h4 d5
15. Bg5 Be7 16. e5 Nd7 17. f4 Nb6 18. Nd4 Qd7 19. Nf5 Bxg5 20. hxg5 Rad8 21.
Qh4 f6 22. Qxh7+ Kf8 23. Qh8+ Kf7 24. Qxg7+ 1-0

[Event "DVM U14w 2016"]
[Site "Düsseldorf GER"]
[Date "2016.12.27"]
[Round "2"]
[White "Schilz, Luna"]
[Black "Paulweber, Lara Maria"]
[Result "0-1"]
[Termination "normal"]
[Board "4.4"]
[WhiteElo "1110"]
[BlackElo "1389"]
[WhiteTeam "SF Konz-Karthaus"]
[BlackTeam "Düsseldorfer SK"]
[PlyCount "96"]
[WhiteFideId "16235320"]
[BlackFideId "12954411"]
[EventCountry "GER"]
[EventRounds "7"]
[EventType "team-swiss"]
[EventDate "2016.12.26"]

1. e4 e6 2. d4 d5 3. exd5 exd5 4. Nf3 Bg4 5. Be2 Bd6 6. Nc3 c6 7. O-O Qc7 8. g3
Nf6 9. Re1 O-O 10. Bf1 Nbd7 11. Bg2 Rfe8 12. Be3 Re7 13. Qd3 Rae8 14. Re2 h6
15. Rae1 Ne4 16. a3 Ndf6 17. Bd2 Qb6 18. Bc1 Qc7 19. h3 Bf5 20. Nh4 Nxc3 21.
Rxe7 Bxd3 22. Rxc7 Rxe1+ 23. Kh2 Bxc7 24. Bd2 Re2 25. Bxc3 Rxc2 26. Nf3 Rxf2
27. Ne1 Be4 28. h4 Bxg2 29. Nxg2 Ne4 30. Be1 Bxg3+ 31. Kh3 Rxg2 32. Kxg2 Bxe1
33. Kf1 Bxh4 34. Ke2 Bf2 35. Kd3 h5 36. Ke2 h4 37. Kf1 h3 38. b4 Ng3+ 39. Kxf2
h2 40. Kxg3 h1=Q 41. Kf2 Qe4 42. Kg3 Kh7 43. Kf2 Kh6 44. Kg3 Kg5 45. Kf2 Kf4
46. Kg1 Qe2 47. Kh1 Kg3 48. Kg1 Qg2# 0-1

[Event "DVM U14w 2016"]
[Site "Düsseldorf GER"]
[Date "2016.12.27"]
[Round "2"]
[White "Schubert, Arlene"]
[Black "Dietz, Kristin"]
[Result "0-1"]
[Termination "normal"]
[Board "5.1"]
[WhiteElo "1168"]
[BlackElo "1617"]
[WhiteTeam "SC Annaberg-Buchholz"]
[BlackTeam "USV Halle"]
[PlyCount "94"]
[WhiteFideId "16220951"]
[BlackFideId "12993743"]
[EventCountry "GER"]
[EventRounds "7"]
[EventType "team-swiss"]
[EventDate "2016.12.26"]

1. e4 c5 2. Nf3 d6 3. d4 cxd4 4. Nxd4 Nf6 5. Nc3 g6 6. Bd3 Bg7 7. O-O Nc6 8.
Nf3 Bg4 9. Be3 O-O 10. h3 Bxf3 11. Qxf3 Ne5 12. Qe2 d5 13. exd5 Nxd5 14. Nxd5
Qxd5 15. c4 Qxd3 16. Qxd3 Nxd3 17. Rab1 Nxb2 18. c5 Rfc8 19. Rfc1 Nd3 20. Rc2
b6 21. c6 Rc7 22. Rd1 Nb4 23. Re2 Rxc6 24. a3 Nc2 25. Bc1 e6 26. Rdd2 Nd4 27.
Re1 Nb3 28. Rdd1 Rxc1 29. Rxc1 Nxc1 30. Rxc1 Bb2 31. Rc2 Bxa3 32. g4 a5 33. f4
Bc5+ 34. Kf1 a4 35. f5 exf5 36. gxf5 gxf5 37. Ke2 a3 38. Ra2 b5 39. Kd3 f4 40.
h4 f3 41. Ra1 a2 42. h5 f2 43. h6 f1=Q+ 44. Rxf1 a1=Q 45. Rxa1 Rxa1 46. Kc3 f5
47. Kd3 b4 0-1

[Event "DVM U14w 2016"]
[Site "Düsseldorf GER"]
[Date "2016.12.27"]
[Round "2"]
[White "Fritsch, Lea"]
[Black "Jin, Tanja"]
[Result "1-0"]
[Termination "normal"]
[Board "5.2"]
[WhiteElo "1428"]
[BlackElo "1211"]
[WhiteTeam "USV Halle"]
[BlackTeam "SC Annaberg-Buchholz"]
[PlyCount "51"]
[WhiteFideId "16212436"]
[BlackFideId "16235355"]
[EventCountry "GER"]
[EventRounds "7"]
[EventType "team-swiss"]
[EventDate "2016.12.26"]

1. e4 c5 2. Nf3 a6 3. d4 cxd4 4. Nxd4 Nf6 5. Nc3 e5 6. Nf5 g6 7. Nd6+ Ke7 8.
Bg5 Qa5 9. Nxc8+ Ke6 10. Bc4+ d5 11. Bxd5+ Nxd5 12. exd5+ Kd7 13. Qg4+ f5 14.
Qc4 Bb4 15. Ne7 Bxe7 16. Bxe7 Kxe7 17. O-O-O Nd7 18. d6+ Kf6 19. Nd5+ Kg7 20.
Nc7 Rac8 21. Qe6 Nb8 22. Qe7+ Kh6 23. Qh4+ Kg7 24. Ne6+ Kf7 25. Qe7+ Kg8 26.
Qg7# 1-0

[Event "DVM U14w 2016"]
[Site "Düsseldorf GER"]
[Date "2016.12.27"]
[Round "2"]
[White "Berndt, Christiane"]
[Black "Stowicek, Yara Mathilda"]
[Result "0-1"]
[Termination "normal"]
[Board "5.3"]
[WhiteElo "1153"]
[BlackElo "1446"]
[WhiteTeam "SC Annaberg-Buchholz"]
[BlackTeam "USV Halle"]
[PlyCount "110"]
[WhiteFideId "16235363"]
[BlackFideId "16203569"]
[EventCountry "GER"]
[EventRounds "7"]
[EventType "team-swiss"]
[EventDate "2016.12.26"]

1. e4 e5 2. Nf3 Nc6 3. Bc4 Nf6 4. Ng5 d5 5. exd5 Nd4 6. Nc3 h6 7. Nf3 Bg4 8.
Be2 Nxe2 9. Qxe2 Bd6 10. h3 Bh5 11. d4 Bxf3 12. gxf3 Qe7 13. Bd2 exd4 14. Qxe7+
Bxe7 15. Nb5 Nxd5 16. Nxd4 O-O-O 17. O-O-O Bf6 18. Nb5 a6 19. Nc3 Nxc3 20. Bxc3
Bxc3 21. bxc3 Rxd1+ 22. Rxd1 Re8 23. Rd4 Re6 24. Kd2 Rd6 25. Ke3 Kd7 26. Ke4
Ke6 27. f4 f5+ 28. Kd3 c5 29. Rxd6+ Kxd6 30. Kc4 b5+ 31. Kb3 Kd5 32. f3 g5 33.
fxg5 hxg5 34. Kb2 Ke5 35. c4 bxc4 36. Kc3 Kf4 37. Kxc4 Kxf3 38. Kd3 Kg2 39. Ke3
Kxh3 40. c4 g4 41. Kf4 g3 42. Kf3 Kh2 43. Kf4 g2 44. Kxf5 g1=Q 45. Ke5 Qd4+ 46.
Kf5 Qe3 47. Kf6 Kg3 48. a4 Kf4 49. Kg6 Qe5 50. a5 Qg5+ 51. Kf7 Kf5 52. Ke8 Ke6
53. Kf8 Qe7+ 54. Kg8 Kf6 55. Kh8 Qg7# 0-1